000 00627nam a2200217 i 4500
001 bg
100 1 _aWŁOSIŃSKI, Władysław
245 1 0 _aPołączenia ceramiczno-metalowe /
_cWładysław Włosiński.
260 _aWarszawa :
_bPWN,
_c1984.
650 9 _aCeramika
_xtechnologia
650 9 _aCeramika
_xmateriały
_xbadanie
650 9 _aKompozyty
_xtechnologia
650 9 _aKompozyty
_xmateriały
_xbadanie
650 9 _aInżynieria powierzchni
650 9 _aTworzywa konstrukcyjne
040 _cBPK
041 0 _apol
080 _a666.3/.7:621.791/.795
942 _cKS
008 s pl f |000 0 pol
999 _c25343
_d25343
856 _uhttp://koha.tu.koszalin.pl/cgi-bin/koha/opac-detail.pl?biblionumber=25343
_yKatalog online BPK